000 02479cam a2200457 4500
001 13962
003 http://catalogue.bnf.fr/ark:/12148/cb476375454
005 20251204143002.0
010 _a9782847053111
_d13,50 EUR
020 _aFR
_b02514645
073 0 _a9782847053111
090 _a13962
099 _o0
100 _a20250116d2024 m y0frey50 ba
101 0 _afre
102 _aFR
105 _a||||z 00|a|
181 0 _601
_ai
_bxxxe
181 _602
_ctxt
_2rdacontent
182 0 _601
_an
182 _602
_cn
_2rdamedia
200 1 _aGagarine marche
_bLIVR
_ethéâtre
214 0 _cÉditions Espaces 34
_dDL 2024
214 3 _cImpr. Présence graphique
214 0 _aLes Matelles
214 3 _a37-Monts
215 _a1 vol. (59 p.)
215 _d21 cm
225 _aCollection Théâtre
225 _x1158-9892
323 _aindéfini
330 _aExplorant notre animalité au temps du numérique, ce texte nous invite à un voyage à la fois physique, musical et imaginaire, à travers l'espace et la temporalité. C'est par un entraînement des corps de plus en plus fantastique que les personnages redoublent d'inventions drolatiques à bord d'une machine insatiable. Et tandis qu'ils jouent avec le vivant, émergent des questions essentielles : quel est l'impact du capitalisme sur les individus, comment sont-ils manipulés pour s'intégrer au système, peut-on y résister, quelle est la puissance de l'humain face au tout digital, comment survivre dans une nature piétinée ? Claire Rengade est auteure, metteuse en scène et comédienne. Elle a écrit une vingtaine de pièces, montées pour la plupart par la compagnie Théâtre Craie, qu'elle dirige de 1996 à 2014. En 2015, elle crée La Millième avec laquelle elle performe ses textes en cocréation avec d'autres artistes (musique, cirque, danse). Aux Éditions Espaces 34, elle a publié plusieurs textes dont Et insubmersible dans la seconde qui suit ainsi que deux pièces pour la jeunesse.
410 0 _034271193
410 0 _tCollection Espace théâtre (Montpellier)
_x1158-9892
_d2024
610 _afutur
_ahumanité
686 _a802
_2Cadre de classement de la Bibliographie nationale française
700 _aRengade
_bClaire
_f1971-....
700 _314545364
_oISNI0000000003398393
_4070
801 0 _aFR
_bFR-751131015
_c20250116
_gAFNOR
_hFRBNF476375450000005
856 2 _u1001363
_bPremière de couverture
856 2 _u1001364
_bQuatrième de couverture